| 000 | 01727nam0a2200361 4500 | ||
|---|---|---|---|
| 001 | RU\NLR\bibl\1689301 | ||
| 005 | 20260405074754.0 | ||
| 010 |
_a978-5-7924-0835-7 _9300 |
||
| 021 |
_aRU _b2010-70802 _94678 |
||
| 035 | _a(nilc)RSL-KNO-004732082 | ||
| 035 | _a(NLR Aleph) 001680445 | ||
| 090 |
_a1097890 _c1097890 |
||
| 100 | _a20100916d2010 |||y0rusy50 ca | ||
| 101 | 0 | _arus | |
| 102 | _aRU | ||
| 105 | _aa zzzz||||| | ||
| 200 | 1 |
_aОпределение степени тяжести вреда здоровью _eучебное пособие _fВ. Н. Кирсанов _gМ-во образования и науки Российской Федерации, Гос. образовательное учреждение высш. проф. образования "Саратовская гос. акад. права" |
|
| 205 | _a2-е изд., испр. и доп. | ||
| 210 |
_aСаратов _cСаратовская гос. акад. права _d2010 |
||
| 215 |
_a59 с. _cтабл. _d21 |
||
| 320 | _aБиблиогр.: с. 25 (11 назв.) | ||
| 606 | 1 |
_aЗдоровье _jУчебные издания _xПричинение вреда _xСтепень тяжести _xСудебно-медицинская экспертиза _92579914 _3RU\NLR\auth\661525217 |
|
| 686 |
_aХ629.214.13я73-1 _2rubbk |
||
| 686 |
_aХ629.341.311я73-1 _2rubbk |
||
| 686 | _aР811.2я7 | ||
| 700 | 1 |
_4070 _8rus _7ca _aКирсанов _bВ.Н. _cканд. мед. наук _gВладимир Николаевич _3RU\NLR\auth\7726495 _99534 |
|
| 801 | 0 |
_aRU _bРГБ _c20100916 _grcr |
|
| 801 | 1 |
_aRU _bРГБ _c20100916 |
|
| 801 | 2 |
_aRU _bNLR _c20101021 _grcr |
|
| 942 | _cBOOK | ||
| 980 | _aNB | ||
| 980 | _aNBR | ||